00729nam a2200229 a 4500001001000000005001700010008004100027041000800068044000700076050001900083100003100102245007500133260003300208300001800241440003800259500002500297500004400322505006500366650001100431700002200442740003500464BRCA_186320190320203559.0060608s1967----ag-a---###---#000-0#spa-# aspa aag 4aAM5b.S36 19671 aSánchez de Madrid, Nilda10aLos museos y la enseñanza de la historiacNilda Sánchez de Madrid. aBuenos AiresbMnemoniac1967 a67 p.c22 cm. 0aInvestigación museográficav1 aEjemplar engargolado aPor política no se presta a domicilio0 aContenido: Técnica de una visita guiada / Miguel A. Madrid14aMuseos1 aMadrid, Miguel A.0 aTécnica de una visita guiada